Statistics for Suits

Click here to take the quiz!

General Stats

  • This quiz has been taken 10 times
  • The average score is 10 of 20

Answer Stats

Answer% Correct
Heart
100%
Club/Clover
100%
Diamond/Tile
100%
Spade/Pike
100%
Heart
67%
Leaf
67%
Cup
50%
Coin
50%
Sword
50%
Acorn
50%
Shield
50%
Club
50%
Rose
33%
Acorn
33%
Club
17%
Sword
17%
Coin
17%
Bell
17%
Cup
17%
Bell
17%

Score Distribution

Percentile by Number Answered

Percent of People with Each Score

Your Score History

You have not taken this quiz